Phonétique - Villes de France - Statistiques

Statistiques générales
  • Ce quiz a été pris 124 fois
  • Le résultat moyen est 12 sur 15
Statistiques - réponses
Phonétique Ville % Correct
lil Lille
99%
tu.luz Toulouse
97%
maʁ.sɛj Marseille
93%
di.ʒɔ̃ Dijon
90%
klɛʁ.mɔ̃.fɛ.ʁɑ̃ Clermont-Ferrand
88%
li.jɔ̃ Lyon
88%
mɔ̃.pə.lje Montpellier
87%
luʁd Lourdes
86%
bɔʁ.do Bordeaux
85%
nɑ̃t Nantes
83%
ka.oʁ Cahors
80%
pe.ʁi.gø Périgueux
75%
e.pɛʁ.nɛ Epernay
67%
i.swaʁ Issoire
59%
y.zɛs Uzès
49%
Aucun quiz correspondant
Distribution des résultats
% des personnes avec chaque résultat
Percentile par nombre de réponses
Votre historique - résultats
Vous n’avez pas pris ce quiz